000 00595cam a22002413a 4500
001 0000663
003 DO-SdBNP
005 20180130145952.0
007 0000663
008 861112 1997 xxu 000 0 spa d
010 _a
020 _a0789903563
040 _aBPMSU
_cspa
_dBPMSU
_d
100 1 _aMcDowell, Josh.
245 1 0 _aMás que un carpintero /
_cJosh McDowell.
260 _aMiami, Estados Unidos:
_bUnilit,
_c1997
300 _a128 p. :
_c18 cm.
500 _a
600 0 0 _a
_x
942 _2ddc
_cBK
945 _aInventariado, 2018 / BT
956 _2YLOCKWARD
_310
_8BPMSU
999 _c11338
_d11338